| 000 | 00695nam a2200265Ia 4500 | ||
|---|---|---|---|
| 005 | 20260302114135.0 | ||
| 008 | 008 260114s9999 xx 000 0 eng d | ||
| 020 | _a9798881817633 | ||
| 037 | _aTextbook | ||
| 040 | _aCRL | ||
| 040 | _beng | ||
| 040 | _cCRL | ||
| 041 | _2eng | ||
| 041 | _aeng | ||
| 084 | _qCRL | ||
| 100 |
_aLawrence Berger _91117874 |
||
| 245 | 4 | _aThe Politics of Attention and the Promise of Mindfulness | |
| 260 | _bBloomsbury | ||
| 260 | _bRowman & Littlefield | ||
| 260 | _c2023 | ||
| 650 | _aPhilosophy | ||
| 856 | _uhttps://doi.org/10.5040/9798881817633?locatt=label:secondary_bloomsburyCollections | ||
| 942 | _cEBOOK | ||
| 999 |
_c1681484 _d1681484 |
||